| 000 | 00913nam a22002777a 4500 | ||
|---|---|---|---|
| 001 | 24144 | ||
| 003 | UA-OsUOA | ||
| 005 | 20220815120605.0 | ||
| 007 | ta | ||
| 008 | 20040209b un ||||| |||| 00| 0 ukr d | ||
| 020 | _a577021127X | ||
| 040 |
_aUA-OsUOA _bukr _cUA-OsUOA _dUA-OsUOA |
||
| 041 | _aukr | ||
| 044 | _aUA | ||
| 080 | _a323.1(477) | ||
| 090 |
_a323.1(477) _bЛ63 |
||
| 100 | _aЛипинський В. | ||
| 245 |
_aПовне зібрання творів, архів, студії _nКн. 1 _nЧ. 1 |
||
| 260 |
_aК. _bКнига _c1995 _aФіладельфія |
||
| 300 | _a470 с. | ||
| 505 |
_gТ. 6 _tЛисти до братів-хліборобів: про ідею і організацію українського монархізму |
||
| 650 | 7 |
_2UDC _a32 Політика |
|
| 942 |
_cBK _2udc |
||
| 955 | _a2 | ||
| 999 |
_c310409 _d310409 |
||